New Thoughts on Ancient & Modern Mathematics: (Record no. 198201)

MARC details
000 -LEADER
fixed length control field 00503nam a22001697a 4500
005 - DATE AND TIME OF LATEST TRANSACTION
control field 20230915151314.0
010 ## - LCCN (DPL NO)
LC control number ENG-138010
020 ## - INTERNATIONAL STANDARD BOOK NUMBER
Terms of availability 850.00
035 ## - SYSTEM CONTROL NUMBER
System control number EN-121542
037 ## - SOURCE OF ACQUISITION
Source of stock number/acquisition DBAD/PUB
082 ## - DEWEY DECIMAL CLASSIFICATION NUMBER
Classification number 510.934
245 ## - TITLE STATEMENT
Title New Thoughts on Ancient & Modern Mathematics:
Statement of responsibility, etc Runu Dhar and Debadatta Adak
260 ## - PUBLICATION, DISTRIBUTION, ETC. (IMPRINT)
Place of publication, distribution, etc Assam
Name of publisher, distributor, etc EBH Publishers
Date of publication, distribution, etc 2021
270 ## - ADDRESS
Address 136, M.L. Nehru Road, Panbazar
City Guwahati
Postal code 781001
300 ## - PHYSICAL DESCRIPTION
Extent 154P
Dimensions 24cm(pbk)
942 ## - ADDED ENTRY ELEMENTS (KOHA)
Source of classification or shelving scheme Dewey Decimal Classification
Item type English Books
Classification part 510.934
Call number suffix NEW
Holdings
Withdrawn status Lost status Not for loan Collection code Home library Current library Date acquired Source of acquisition Cost, normal purchase price Full call number Barcode Copy number Cost, replacement price Koha item type
      Non-fiction Tri Nagar Tri Nagar 15/09/2023 DBAD/PUB 850.00 510.934 NEW EN-121542 1 850.00 English Books

© Delhi Public Library
Hit Counter
free hit counter